[Event "AUTO-MASTER-2950"]
[Site "http://www.queenalice.com/game.php?id=1609501"]
[Date "2020.4.26"]
[Round "1"]
[White "junipero"]
[Black "waldi"]
[Result "0-1"]
[WhiteElo "2054"]
[BlackElo "2060"]

1. d4 c6 2. c4 d5 3. Nc3 Bf5 4. e3 Nd7 5. Nf3 Ngf6 6. a3 e6 7. c5 b6 8. b4 b5 9.
Bb2 Be7 10. Ne5 Nxe5 11. dxe5 Ng4 12. Qd4 O-O 13. Be2 Nh6 14. O-O f6 15. Bf3
fxe5 16. Qxe5 Bf6 17. Qf4 e5 18. Qg3 Qe7 19. h3 e4 20. Be2 Be5 21. f4 exf3 22.
Qxf3 Qh4 23. Qh5 Qg3 24. Rf3 Qh2+ 25. Kf1 Bg3 26. Rxg3 Bg4+ 27. Ke1 Qxg3+ 28.
Kd2 Bxh5 29. Bxh5 Qxg2+ 30. Be2 Qxh3 31. Re1 Rae8 32. Bd3 Rf2+ 33. Be2 Qxe3+ 34.
Kd1 Qd4+ 35. Kc1 Qe3+ 36. Kd1 Ng4 37. Kc2 Qf4 38. Kd1 Ne3+ 39. Kd2 Nc4+ 0-1

[Event "AUTO-MASTER-2950"]
[Site "http://www.queenalice.com/game.php?id=1609502"]
[Date "2020.4.26"]
[Round "1"]
[White "waldi"]
[Black "grepovsky"]
[Result "0-1"]
[WhiteElo "2077"]
[BlackElo "2234"]

1. d4 g6 2. e4 Bg7 3. c4 d6 4. f4 c5 5. dxc5 Qa5+ 6. Qd2 Qxc5 7. Nf3 Nf6 8. Bd3
Nc6 9. a3 Bg4 10. Rf1 Bxf3 11. Rxf3 Nd4 12. b4 Nxf3+ 13. gxf3 Qg1+ 14. Bf1 Nxe4
0-1

[Event "AUTO-MASTER-2950"]
[Site "http://www.queenalice.com/game.php?id=1609503"]
[Date "2020.4.26"]
[Round "1"]
[White "grepovsky"]
[Black "waldi"]
[Result "1-0"]
[WhiteElo "2226"]
[BlackElo "2087"]

1. e4 c5 2. Nf3 Nc6 3. d4 cxd4 4. Nxd4 g6 5. c4 Bg7 6. Be3 Nf6 7. Nc3 Qb6 8. Nb3
Qc7 9. Be2 O-O 10. Qd2 d6 11. Rc1 a6 12. f3 Bd7 13. Nd5 Qd8 14. Bb6 Qc8 15. O-O
1-0

[Event "AUTO-OPEN-4125"]
[Site "http://www.queenalice.com/game.php?id=1610759"]
[Date "2020.5.4"]
[Round "2"]
[White "waldi"]
[Black "jupar"]
[Result "0-1"]
[WhiteElo "2091"]
[BlackElo "2032"]

1. d4 d5 2. c4 e6 3. Nc3 c6 4. Nf3 Bd6 5. Bg5 Be7 6. Bf4 Nf6 7. e3 Bd6 8. Bxd6
Qxd6 9. c5 Qc7 10. b4 a6 11. Bd3 Nbd7 12. O-O e5 13. dxe5 Nxe5 14. Nxe5 Qxe5 15.
Na4 Bf5 16. Bxf5 Qxf5 17. Nb6 Rd8 18. Qd4 O-O 19. f4 Qe4 20. Na4 Rfe8 21. Rae1
Qc2 22. Nc3 Ne4 23. Nxe4 Qxe4 24. Qxe4 Rxe4 25. a3 Rde8 26. Rf3 f5 27. Kf2 Rc4
28. Ra1 Rc2+ 29. Kf1 Rc3 30. Kf2 Re4 31. h3 d4 32. exd4 Rc2+ 33. Kf1 Rxd4 34.
Re1 Rdd2 35. Re8+ Kf7 36. Rb8 Rc1# 0-1

[Event "AUTO-OPEN-4125"]
[Site "http://www.queenalice.com/game.php?id=1610760"]
[Date "2020.5.4"]
[Round "2"]
[White "jupar"]
[Black "waldi"]
[Result "0-1"]
[WhiteElo "2108"]
[BlackElo "2076"]

1. e4 c5 2. Nf3 Nc6 3. c3 g6 4. d4 cxd4 5. cxd4 Bg7 6. Nc3 Qb6 7. d5 Nd4 8. Be2
Nxe2 9. Qxe2 Qb4 10. Qd3 d6 11. h3 Nf6 12. O-O O-O 13. a3 Qc5 14. Be3 Qc7 15.
Rac1 Qa5 16. Ne2 Bd7 17. b4 Qa4 18. Rc3 Bb5 19. Qd2 Nxe4 20. Qc2 Nxc3 21. Qxc3
Bxc3 22. Nxc3 Qa6 23. Nxb5 Qxb5 24. Re1 e5 25. Rd1 Qa4 26. Ra1 Qb3 27. Bh6 Rfe8
28. Rc1 Qxa3 29. Rc7 Qxb4 30. h4 Rac8 0-1

[Event "AUTO-OPEN-4125"]
[Site "http://www.queenalice.com/game.php?id=1610761"]
[Date "2020.5.4"]
[Round "2"]
[White "waldi"]
[Black "Palmeiras"]
[Result "0-1"]
[WhiteElo "2042"]
[BlackElo "2597"]

1. d4 Nf6 2. c4 e6 3. Nc3 Bb4 4. f3 c5 5. dxc5 Bxc5 6. Bg5 Nc6 7. e4 h6 8. Bh4
Qb6 9. Qc2 Bxg1 10. Nb5 Nd4 11. Nxd4 Bxd4 12. Rb1 d5 13. Bd3 dxe4 14. fxe4 Ng4
15. h3 Ne3 16. Qd2 O-O 17. b4 a5 18. b5 f5 0-1

[Event "AUTO-OPEN-4125"]
[Site "http://www.queenalice.com/game.php?id=1610762"]
[Date "2020.5.4"]
[Round "2"]
[White "Palmeiras"]
[Black "waldi"]
[Result "1-0"]
[WhiteElo "2571"]
[BlackElo "2113"]

1. e4 c5 2. Nf3 Nc6 3. d4 cxd4 4. Nxd4 g6 5. c4 Bg7 6. Be3 e6 7. Nc3 Qb6 8. Nxe6
Qxb2 9. Nxg7+ Kf8 10. Bd2 Kxg7 11. Nb5 1-0

[Event "AUTO-MASTER-2954"]
[Site "http://www.queenalice.com/game.php?id=1611144"]
[Date "2020.5.7"]
[Round "1"]
[White "waldi"]
[Black "Takeda"]
[Result "0-1"]
[WhiteElo "1954"]
[BlackElo "2043"]

1. d4 g6 2. e4 Bg7 3. c4 Nc6 4. Be3 d6 5. f4 Nf6 6. Nc3 O-O 7. Bd3 Nb4 8. Be2 e6
9. a3 Na6 10. b4 c6 11. Nf3 Nc7 12. O-O Ng4 13. Bd2 f5 14. e5 d5 15. Rc1 dxc4
16. Bxc4 Nd5 17. Nxd5 exd5 18. Ba2 a6 19. h3 Nh6 20. Be1 Re8 21. Bh4 Qb6 22. Kh1
a5 23. Be1 axb4 24. Bxb4 Bf8 0-1

[Event "AUTO-MASTER-2954"]
[Site "http://www.queenalice.com/game.php?id=1611145"]
[Date "2020.5.7"]
[Round "1"]
[White "Takeda"]
[Black "waldi"]
[Result "1-0"]
[WhiteElo "2030"]
[BlackElo "1967"]

1. e4 c5 2. Nf3 Nc6 3. d4 cxd4 4. Nxd4 g6 5. Nc3 Bg7 6. Nxc6 bxc6 7. Bc4 e6 8.
O-O Ne7 9. Kh1 O-O 10. Bg5 f6 11. Bh4 Qb6 12. Bb3 d5 13. exd5 cxd5 14. Re1 Nf5
15. g3 Qxf2 16. Nxd5 Bb7 17. Rxe6 Ne3 18. Rxe3 Qxe3 19. Qg1 Qe4+ 20. Qg2 Qxg2+
21. Kxg2 Kh8 22. Kf2 g5 23. Nc7 Rac8 24. Ne6 Rfe8 25. Bxg5 1-0

[Event "AUTO-MASTER-2954"]
[Site "http://www.queenalice.com/game.php?id=1611146"]
[Date "2020.5.7"]
[Round "1"]
[White "waldi"]
[Black "chessman"]
[Result "0-1"]
[WhiteElo "2024"]
[BlackElo "1997"]

1. d4 d5 2. c4 c6 3. Nc3 Nf6 4. Nf3 e6 5. Bg5 Be7 6. e3 O-O 7. Bd3 a6 8. O-O Re8
9. Ne5 Nbd7 10. Nxd7 Bxd7 11. c5 b6 12. b4 a5 13. a3 axb4 14. axb4 b5 15. Bxf6
Bxf6 16. f4 h6 17. Qh5 Qe7 18. Ra2 Rxa2 19. Nxa2 Ra8 20. Bb1 Ra3 21. Kf2 Qd8 22.
Qd1 Qa8 23. Qc2 g6 24. g3 Kg7 25. h4 Qa4 26. Qd2 Be7 27. Rh1 Rb3 28. g4 Qa3 29.
h5 Rb2 30. Qxb2 Qxb2+ 31. Kf3 g5 32. fxg5 Bxg5 33. Re1 Qh2 34. Nc3 Qd2 0-1

[Event "AUTO-MASTER-2954"]
[Site "http://www.queenalice.com/game.php?id=1611147"]
[Date "2020.5.7"]
[Round "1"]
[White "chessman"]
[Black "waldi"]
[Result "1/2-1/2"]
[WhiteElo "1979"]
[BlackElo "2093"]

1. e4 c5 2. Nf3 Nc6 3. d4 cxd4 4. Nxd4 g6 5. Nc3 Bg7 6. Be3 d6 7. Be2 Nf6 8. Rb1
O-O 9. O-O a6 10. f3 Nh5 11. g4 Nf6 12. Kh1 Ne5 13. Qd2 e6 14. Bh6 d5 15. Bxg7
Kxg7 16. g5 Ne8 17. f4 Nc4 18. Bxc4 dxc4 19. Nf5+ exf5 20. Qxd8 b5 21. Qe7 fxe4
22. Nxe4 Be6 23. Nf6 Nxf6 24. Qxf6+ Kg8 25. a3 Bd5+ 26. Kg1 Be4 27. Rbc1 Rfd8
28. Rfd1 Re8 29. Rd7 Rf8 30. c3 Bf5 31. Re1 Bxd7 32. Qd6 Be6 33. Kf2 1/2-1/2

[Event "AUTO-MASTER-2954"]
[Site "http://www.queenalice.com/game.php?id=1611148"]
[Date "2020.5.7"]
[Round "1"]
[White "waldi"]
[Black "grepovsky"]
[Result "0-1"]
[WhiteElo "2031"]
[BlackElo "2257"]

1. e4 c5 2. Nf3 d6 3. Nc3 Nf6 4. Bc4 Nc6 5. h3 e6 6. O-O a6 7. a4 Be7 8. d3 O-O
9. Nh2 d5 10. exd5 exd5 11. Bb3 Be6 12. Ne2 Qd7 13. Nf4 Bf5 14. g4 Be6 15. Nxe6
Qxe6 16. f4 Qd7 17. Nf3 Nxg4 18. hxg4 Qxg4+ 19. Kh2 Bd6 20. Bxd5 Qh5+ 21. Kg3
Qxd5 22. c4 Qf5 23. Nh4 Qf6 24. Qh5 Rfe8 25. Rb1 Nd4 0-1

[Event "AUTO-MASTER-2954"]
[Site "http://www.queenalice.com/game.php?id=1611149"]
[Date "2020.5.7"]
[Round "1"]
[White "grepovsky"]
[Black "waldi"]
[Result "1-0"]
[WhiteElo "2251"]
[BlackElo "2038"]

1. e4 c5 2. c3 Nc6 3. d4 cxd4 4. cxd4 d5 5. exd5 Qxd5 6. Nf3 Bg4 7. Be2 O-O-O 8.
Nc3 Qa5 9. Be3 Nf6 10. Qb3 e6 11. O-O Bd6 12. Rac1 h5 13. Rfd1 h4 14. h3 Bf5 15.
Bb5 Kd7 16. Ne5+ Ke7 17. Bxc6 Bxe5 18. dxe5 Rxd1+ 19. Rxd1 Nd5 20. Bxd5 Rd8 21.
Bf3 Rxd1+ 22. Qxd1 Qxe5 23. Bxb7 f6 24. Bc6 Qc7 25. Bc5+ 1-0

[Event "AUTO-ADV-4281"]
[Site "http://www.queenalice.com/game.php?id=1611336"]
[Date "2020.5.8"]
[Round "3"]
[White "Sigmund"]
[Black "waldi"]
[Result "0-1"]
[WhiteElo "1846"]
[BlackElo "2091"]

1. e4 c5 2. Bc4 Nc6 3. Nf3 g6 4. d4 cxd4 5. Nxd4 Bg7 6. c3 e6 7. O-O Nge7 8. Nf3
O-O 9. Be3 d5 10. Bd3 f5 11. Bd4 fxe4 12. Ng5 exd3 13. Qxd3 Nxd4 14. Nd2 Ndc6
0-1

[Event "AUTO-ADV-4281"]
[Site "http://www.queenalice.com/game.php?id=1611337"]
[Date "2020.5.8"]
[Round "3"]
[White "waldi"]
[Black "Sigmund"]
[Result "0-1"]
[WhiteElo "1898"]
[BlackElo "1748"]

1. d4 d5 2. c4 dxc4 3. Nc3 a6 4. a4 Nf6 5. e4 Nc6 6. d5 Ne5 7. f4 Nd3+ 8. Bxd3
cxd3 9. Qxd3 e6 10. Nf3 Bb4 11. O-O O-O 12. Na2 Bc5+ 13. Be3 Bxe3+ 14. Qxe3 exd5
15. exd5 Nxd5 16. Qd2 Be6 17. Ng5 h6 18. Ne4 b6 19. f5 Bd7 20. f6 g5 21. Nxg5
Nxf6 22. Nf3 Nh7 23. Qxh6 Qf6 24. Qd2 Rad8 25. Qc2 Qg7 26. Kh1 Kh8 27. Rae1 Rg8
28. Re5 f6 29. Rh5 Bxa4 30. b3 Bb5 31. Rf2 Rd7 32. Nc3 Bd3 33. Qc1 Qg6 34. Rd5
Re7 35. Qd2 Be4 36. Nxe4 Qxe4 37. Rd4 Qc6 38. Rc4 Qe6 39. Rf1 b5 40. Rc3 Rg4 41.
Qd8+ Re8 42. Qxc7 Qe2 43. Rg1 Reg8 44. Ne1 Ng5 45. Qc6 Ne4 46. Rh3+ Rh4 47.
Rxh4+ Kg7 48. Qd7+ Kf8 0-1

[Event "AUTO-ADV-4281"]
[Site "http://www.queenalice.com/game.php?id=1611338"]
[Date "2020.5.8"]
[Round "3"]
[White "josebaron"]
[Black "waldi"]
[Result "1-0"]
[WhiteElo "2466"]
[BlackElo "2040"]

1. e4 c5 2. Bc4 Nc6 3. Nf3 e6 4. Nc3 Nf6 5. d4 cxd4 6. Nxd4 Bc5 7. Be3 Qb6 8.
Nxc6 Bxe3 9. fxe3 Qxe3+ 10. Qe2 Qxe2+ 11. Bxe2 dxc6 12. O-O O-O 13. Rad1 Bd7 14.
Rxf6 gxf6 15. Rxd7 b6 16. Bh5 a6 17. Na4 Rab8 18. Kf2 Kg7 19. Ke3 e5 20. Rc7 c5
21. Rc6 Kh6 22. Bg4 Kg5 23. Bf5 h5 24. Nxb6 Rfd8 25. g3 Rh8 26. h4+ Kh6 27.
Rxf6+ Kg7 28. Rc6 Rh6 29. Rxh6 Kxh6 30. Nc4 f6 31. Be6 Rd8 32. Bd5 Rd7 33. a4
Kg6 34. a5 Kh6 35. Nb6 Rc7 36. Bc4 Ra7 37. Na4 Kg6 38. Nxc5 Rc7 39. b4 f5 40.
Bxa6 Kf6 41. exf5 Kxf5 42. Be2 Rg7 43. Ne4 Rc7 44. a6 Rxc2 45. Bd3 Rb2 46. a7
Ra2 47. Nc3+ Kg4 48. Nxa2 Kxg3 49. a8=Q Kxh4 50. Qg2 e4 51. Kf4 exd3 52. Qg3#
1-0

[Event "AUTO-ADV-4281"]
[Site "http://www.queenalice.com/game.php?id=1611339"]
[Date "2020.5.8"]
[Round "3"]
[White "waldi"]
[Black "josebaron"]
[Result "0-1"]
[WhiteElo "2079"]
[BlackElo "2416"]

1. d4 d5 2. e4 dxe4 3. Nc3 Nf6 4. Bg5 Nbd7 5. Bb5 c6 6. Bc4 b5 7. Bb3 b4 8. Na4
Qa5 9. Bd2 e5 10. Ne2 exd4 11. Nxd4 c5 12. Ne2 c4 13. Bxc4 Qxa4 14. O-O Qc6 15.
Bb3 Nc5 16. Nd4 Qd7 17. c3 Ba6 18. Ne2 Rd8 19. Bg5 Nxb3 20. axb3 Qxd1 21. Raxd1
Rxd1 22. Rxd1 Bxe2 23. Re1 Bd3 24. Bxf6 gxf6 25. f3 Bc5+ 26. Kh1 f5 27. g4 Bf2
28. Ra1 exf3 29. gxf5 Bb6 30. Ra4 Rg8 31. h3 Rg1+ 32. Kh2 f2 33. Rxb4 f1=N# 0-1

[Event "Challenge"]
[Site "http://www.queenalice.com/game.php?id=1616137"]
[Date "2020.6.11"]
[Round "-"]
[White "waldi"]
[Black "Alsina"]
[Result "0-1"]
[WhiteElo "1980"]
[BlackElo "2644"]

1. d4 Nf6 2. c4 e6 3. Nc3 Bb4 4. f3 d5 5. a3 Bxc3+ 6. bxc3 c5 7. Bg5 h6 8. Bh4
dxc4 9. e4 Qa5 10. Qd2 b5 0-1